| 000 | 01156nam a22003377a 4500 | ||
|---|---|---|---|
| 003 | CHAP | ||
| 005 | 20220329135344.0 | ||
| 008 | 971013s1982 r 00010 d | ||
| 010 | _a34952 | ||
| 011 | _a35924 | ||
| 035 | _a40041 | ||
| 040 | _cCHAP | ||
| 082 |
_a348.4 _bM46 1981-82 |
||
| 110 |
_aMéxico. Leyes, decretos, etc. _977071 |
||
| 245 |
_aLegilación agropecuaria 1981-1982 _b: actualización |
||
| 260 |
_aMéxico, D.F. : _bLa Secretaría, _c1982-19 |
||
| 300 | _av | ||
| 500 | _aLa biblioteca tiene: v.1 | ||
| 590 |
_aBATCH-UPD _b10 _c20130110 _lUCH01 _h0900 |
||
| 590 |
_aBATCH-UPD _b10 _c20130410 _lUCH01 _h0529 |
||
| 590 |
_aBATCH-UPD _b10 _c20130914 _lUCH01 _h0318 |
||
| 590 |
_aCONVERSION _b10 _c20130109 _lUCH01 _h1320 |
||
| 650 | 1 | 4 |
_aAgricultura _xLeyes _xMéxico. _91726 |
| 650 | 1 | 4 |
_aBosques _xLeyes _zMéxico. _914332 |
| 650 | 1 | 4 |
_aGanadería _xLeyes _xMéxico. _944818 |
| 901 | _aBK | ||
| 942 | _cLIBRO | ||
| 949 |
_a348.4 M46 1981-82 _bBC _cC _d-91475 _eC _fv.1 _h67744 _i40041 _si |
||
| 949 |
_a348.4 M46 1981-82 _bBC _cC _d-91476 _eC _fv.1 c.2 _h68176 _i40041 _mD _si |
||
| 949 |
_a348.4 M46 1981-82 _bBC _cC _d-91477 _eC _fv.1 c.3 _h85206 _i40041 _mD _si |
||
| 999 |
_c34952 _d34952 |
||